000 00831cam a2200241 a 4500
001 000006038
005 20200929151910.0
008 940620s1993 ck a 001 p spa
040 _aDO-SdBNP
_cDLC
082 _aC861.44
_bH493n
100 1 _aHenao Betancur, Luis Jairo,
_d1956-
_917026
245 1 3 _aLa noche se mira en la luna /
_cLuis Jairo Henao Betancur ; prólogo Rigoberto Gil Montoya.
260 _aPereira, ( Colombia) :
_bRisaralda Cultural,
_c1993.
300 _a52 P. :
_bil. ;
_c21 cm.
490 1 _aEscritores de Risaralda
_v13
650 4 _aPoesía colombiana
_93742
650 4 _aLiteratura colombiana
_91244
650 4 _aPoesía amorosa
_99227
700 1 _aGil Montoya, Rigoberto,
_epról.
_917027
830 0 _aEscritores de Risaralda ;
_v13.
_917028
910 _aCatalogación por copia / LC
049 _aBNGR
999 _c5834
_d5834